Phân tích mối quan hệ giữa lạm phát với tăng trưởng kinh tế và bội chi ngân sách ở Việt Nam : Luận văn tốt nghiệp cao học ngành Tài chính - Ngân hàng

Nội dung luận văn giới thiệu cơ sở lý luận và phương pháp nghiên cứu. Tổng quan về lạm phát, tăng trưởng kinh tế và bội chi ngân sách ở Việt Nam. Phân tích mối quan hệ giữa lạm phát với tăng trưởng kinh tế và bội chi ngân sách ở Vie...

Πλήρης περιγραφή

Αποθηκεύτηκε σε:
Λεπτομέρειες βιβλιογραφικής εγγραφής
Μορφή: Βιβλίο
Γλώσσα:Undetermined
Έκδοση: Cần Thơ Trường Đại học Cần Thơ 2018
Θέματα:
Ετικέτες: Προσθήκη ετικέτας
Δεν υπάρχουν, Καταχωρήστε ετικέτα πρώτοι!
Thư viện lưu trữ: Trung tâm Học liệu Trường Đại học Cần Thơ
LEADER 01211nam a2200193Ia 4500
001 CTU_227199
008 210402s9999 xx 000 0 und d
082 |a 339.523 
082 |b L312 
245 0 |a Phân tích mối quan hệ giữa lạm phát với tăng trưởng kinh tế và bội chi ngân sách ở Việt Nam : 
245 0 |b Luận văn tốt nghiệp cao học ngành Tài chính - Ngân hàng 
245 0 |c Lê Thị Mỹ Linh ; Đỗ Văn Xê (cán bộ hướng dẫn) 
260 |a Cần Thơ 
260 |b Trường Đại học Cần Thơ 
260 |c 2018 
520 |a Nội dung luận văn giới thiệu cơ sở lý luận và phương pháp nghiên cứu. Tổng quan về lạm phát, tăng trưởng kinh tế và bội chi ngân sách ở Việt Nam. Phân tích mối quan hệ giữa lạm phát với tăng trưởng kinh tế và bội chi ngân sách ở Việt Nam. Kết luận và kiến nghị. 
650 |a Budget surpluses,Thặng dư ngân sách 
910 |b dqhieu 
980 |a Trung tâm Học liệu Trường Đại học Cần Thơ